<?xml version="1.0" encoding="UTF-8"?>
<collection xmlns="http://www.loc.gov/MARC21/slim">
<record>
  <controlfield tag="001">269188</controlfield>
  <controlfield tag="005">20240808164534.0</controlfield>
  <datafield tag="024" ind1="7" ind2=" ">
    <subfield code="a">10.1038/s44318-024-00067-8</subfield>
    <subfield code="2">doi</subfield>
  </datafield>
  <datafield tag="024" ind1="7" ind2=" ">
    <subfield code="a">pmid:38528182</subfield>
    <subfield code="2">pmid</subfield>
  </datafield>
  <datafield tag="024" ind1="7" ind2=" ">
    <subfield code="a">pmc:PMC11021462</subfield>
    <subfield code="2">pmc</subfield>
  </datafield>
  <datafield tag="024" ind1="7" ind2=" ">
    <subfield code="a">0261-4189</subfield>
    <subfield code="2">ISSN</subfield>
  </datafield>
  <datafield tag="024" ind1="7" ind2=" ">
    <subfield code="a">1460-2075</subfield>
    <subfield code="2">ISSN</subfield>
  </datafield>
  <datafield tag="024" ind1="7" ind2=" ">
    <subfield code="a">altmetric:161180588</subfield>
    <subfield code="2">altmetric</subfield>
  </datafield>
  <datafield tag="037" ind1=" " ind2=" ">
    <subfield code="a">DZNE-2024-00487</subfield>
  </datafield>
  <datafield tag="041" ind1=" " ind2=" ">
    <subfield code="a">English</subfield>
  </datafield>
  <datafield tag="082" ind1=" " ind2=" ">
    <subfield code="a">570</subfield>
  </datafield>
  <datafield tag="100" ind1="1" ind2=" ">
    <subfield code="a">Kaurani, Lalit</subfield>
    <subfield code="0">P:(DE-2719)2812832</subfield>
    <subfield code="b">0</subfield>
    <subfield code="e">First author</subfield>
  </datafield>
  <datafield tag="245" ind1=" " ind2=" ">
    <subfield code="a">Regulation of Zbp1 by miR-99b-5p in microglia controls the development of schizophrenia-like symptoms in mice.</subfield>
  </datafield>
  <datafield tag="260" ind1=" " ind2=" ">
    <subfield code="a">Hoboken, NJ [u.a.]</subfield>
    <subfield code="c">2024</subfield>
    <subfield code="b">Wiley</subfield>
  </datafield>
  <datafield tag="336" ind1="7" ind2=" ">
    <subfield code="a">article</subfield>
    <subfield code="2">DRIVER</subfield>
  </datafield>
  <datafield tag="336" ind1="7" ind2=" ">
    <subfield code="a">Output Types/Journal article</subfield>
    <subfield code="2">DataCite</subfield>
  </datafield>
  <datafield tag="336" ind1="7" ind2=" ">
    <subfield code="a">Journal Article</subfield>
    <subfield code="b">journal</subfield>
    <subfield code="m">journal</subfield>
    <subfield code="0">PUB:(DE-HGF)16</subfield>
    <subfield code="s">1713865687_10932</subfield>
    <subfield code="2">PUB:(DE-HGF)</subfield>
  </datafield>
  <datafield tag="336" ind1="7" ind2=" ">
    <subfield code="a">ARTICLE</subfield>
    <subfield code="2">BibTeX</subfield>
  </datafield>
  <datafield tag="336" ind1="7" ind2=" ">
    <subfield code="a">JOURNAL_ARTICLE</subfield>
    <subfield code="2">ORCID</subfield>
  </datafield>
  <datafield tag="336" ind1="7" ind2=" ">
    <subfield code="a">Journal Article</subfield>
    <subfield code="0">0</subfield>
    <subfield code="2">EndNote</subfield>
  </datafield>
  <datafield tag="520" ind1=" " ind2=" ">
    <subfield code="a">Current approaches to the treatment of schizophrenia have mainly focused on the protein-coding part of the genome; in this context, the roles of microRNAs have received less attention. In the present study, we analyze the microRNAome in the blood and postmortem brains of schizophrenia patients, showing that the expression of miR-99b-5p is downregulated in both the prefrontal cortex and blood of patients. Lowering the amount of miR-99b-5p in mice leads to both schizophrenia-like phenotypes and inflammatory processes that are linked to synaptic pruning in microglia. The microglial miR-99b-5p-supressed inflammatory response requires Z-DNA binding protein 1 (Zbp1), which we identify as a novel miR-99b-5p target. Antisense oligonucleotides against Zbp1 ameliorate the pathological effects of miR-99b-5p inhibition. Our findings indicate that a novel miR-99b-5p-Zbp1 pathway in microglia might contribute to the pathogenesis of schizophrenia.</subfield>
  </datafield>
  <datafield tag="536" ind1=" " ind2=" ">
    <subfield code="a">352 - Disease Mechanisms (POF4-352)</subfield>
    <subfield code="0">G:(DE-HGF)POF4-352</subfield>
    <subfield code="c">POF4-352</subfield>
    <subfield code="f">POF IV</subfield>
    <subfield code="x">0</subfield>
  </datafield>
  <datafield tag="536" ind1=" " ind2=" ">
    <subfield code="a">351 - Brain Function (POF4-351)</subfield>
    <subfield code="0">G:(DE-HGF)POF4-351</subfield>
    <subfield code="c">POF4-351</subfield>
    <subfield code="f">POF IV</subfield>
    <subfield code="x">1</subfield>
  </datafield>
  <datafield tag="588" ind1=" " ind2=" ">
    <subfield code="a">Dataset connected to CrossRef, PubMed, , Journals: pub.dzne.de</subfield>
  </datafield>
  <datafield tag="650" ind1=" " ind2="2">
    <subfield code="a">RNA-Binding Proteins: metabolism</subfield>
    <subfield code="2">MeSH</subfield>
  </datafield>
  <datafield tag="650" ind1=" " ind2="2">
    <subfield code="a">Humans</subfield>
    <subfield code="2">MeSH</subfield>
  </datafield>
  <datafield tag="650" ind1=" " ind2="2">
    <subfield code="a">Animals</subfield>
    <subfield code="2">MeSH</subfield>
  </datafield>
  <datafield tag="650" ind1=" " ind2="2">
    <subfield code="a">Mice</subfield>
    <subfield code="2">MeSH</subfield>
  </datafield>
  <datafield tag="650" ind1=" " ind2="2">
    <subfield code="a">Microglia: metabolism</subfield>
    <subfield code="2">MeSH</subfield>
  </datafield>
  <datafield tag="650" ind1=" " ind2="2">
    <subfield code="a">Schizophrenia: genetics</subfield>
    <subfield code="2">MeSH</subfield>
  </datafield>
  <datafield tag="650" ind1=" " ind2="2">
    <subfield code="a">MicroRNAs: metabolism</subfield>
    <subfield code="2">MeSH</subfield>
  </datafield>
  <datafield tag="650" ind1=" " ind2="2">
    <subfield code="a">RNA-Binding Proteins</subfield>
    <subfield code="2">MeSH</subfield>
  </datafield>
  <datafield tag="650" ind1=" " ind2="7">
    <subfield code="a">Mirn99 microRNA, mouse</subfield>
    <subfield code="2">NLM Chemicals</subfield>
  </datafield>
  <datafield tag="650" ind1=" " ind2="7">
    <subfield code="a">Microglia</subfield>
    <subfield code="2">Other</subfield>
  </datafield>
  <datafield tag="650" ind1=" " ind2="7">
    <subfield code="a">Schizophrenia</subfield>
    <subfield code="2">Other</subfield>
  </datafield>
  <datafield tag="650" ind1=" " ind2="7">
    <subfield code="a">Zbp1</subfield>
    <subfield code="2">Other</subfield>
  </datafield>
  <datafield tag="650" ind1=" " ind2="7">
    <subfield code="a">miR-99b</subfield>
    <subfield code="2">Other</subfield>
  </datafield>
  <datafield tag="650" ind1=" " ind2="7">
    <subfield code="a">microRNA</subfield>
    <subfield code="2">Other</subfield>
  </datafield>
  <datafield tag="650" ind1=" " ind2="7">
    <subfield code="a">MicroRNAs</subfield>
    <subfield code="2">NLM Chemicals</subfield>
  </datafield>
  <datafield tag="650" ind1=" " ind2="7">
    <subfield code="a">Zbp1 protein, mouse</subfield>
    <subfield code="2">NLM Chemicals</subfield>
  </datafield>
  <datafield tag="650" ind1=" " ind2="7">
    <subfield code="a">RNA-Binding Proteins</subfield>
    <subfield code="2">NLM Chemicals</subfield>
  </datafield>
  <datafield tag="700" ind1="1" ind2=" ">
    <subfield code="a">Islam, Rezaul</subfield>
    <subfield code="0">P:(DE-2719)2811643</subfield>
    <subfield code="b">1</subfield>
    <subfield code="e">First author</subfield>
    <subfield code="u">dzne</subfield>
  </datafield>
  <datafield tag="700" ind1="1" ind2=" ">
    <subfield code="a">Heilbronner, Urs</subfield>
    <subfield code="b">2</subfield>
  </datafield>
  <datafield tag="700" ind1="1" ind2=" ">
    <subfield code="a">Krüger, Dennis M</subfield>
    <subfield code="0">P:(DE-2719)2812548</subfield>
    <subfield code="b">3</subfield>
    <subfield code="u">dzne</subfield>
  </datafield>
  <datafield tag="700" ind1="1" ind2=" ">
    <subfield code="a">Zhou, Jiayin</subfield>
    <subfield code="0">P:(DE-2719)9001020</subfield>
    <subfield code="b">4</subfield>
    <subfield code="u">dzne</subfield>
  </datafield>
  <datafield tag="700" ind1="1" ind2=" ">
    <subfield code="a">Methi, Aditi</subfield>
    <subfield code="0">P:(DE-2719)9001018</subfield>
    <subfield code="b">5</subfield>
    <subfield code="u">dzne</subfield>
  </datafield>
  <datafield tag="700" ind1="1" ind2=" ">
    <subfield code="a">Strauss, Judith</subfield>
    <subfield code="b">6</subfield>
  </datafield>
  <datafield tag="700" ind1="1" ind2=" ">
    <subfield code="a">Pradhan, Ranjit</subfield>
    <subfield code="0">P:(DE-2719)9001438</subfield>
    <subfield code="b">7</subfield>
    <subfield code="u">dzne</subfield>
  </datafield>
  <datafield tag="700" ind1="1" ind2=" ">
    <subfield code="a">Schröder, Sophie</subfield>
    <subfield code="0">P:(DE-2719)9001406</subfield>
    <subfield code="b">8</subfield>
    <subfield code="u">dzne</subfield>
  </datafield>
  <datafield tag="700" ind1="1" ind2=" ">
    <subfield code="a">Burkhardt, Susanne</subfield>
    <subfield code="0">P:(DE-2719)2810773</subfield>
    <subfield code="b">9</subfield>
    <subfield code="u">dzne</subfield>
  </datafield>
  <datafield tag="700" ind1="1" ind2=" ">
    <subfield code="a">Schuetz, Anna-Lena</subfield>
    <subfield code="0">P:(DE-2719)2810585</subfield>
    <subfield code="b">10</subfield>
    <subfield code="u">dzne</subfield>
  </datafield>
  <datafield tag="700" ind1="1" ind2=" ">
    <subfield code="a">Pena, Tonatiuh</subfield>
    <subfield code="0">P:(DE-2719)2811063</subfield>
    <subfield code="b">11</subfield>
  </datafield>
  <datafield tag="700" ind1="1" ind2=" ">
    <subfield code="a">Erlebach, Lena</subfield>
    <subfield code="0">P:(DE-2719)9000542</subfield>
    <subfield code="b">12</subfield>
    <subfield code="u">dzne</subfield>
  </datafield>
  <datafield tag="700" ind1="1" ind2=" ">
    <subfield code="a">Bühler, Anika</subfield>
    <subfield code="0">P:(DE-2719)2813030</subfield>
    <subfield code="b">13</subfield>
    <subfield code="u">dzne</subfield>
  </datafield>
  <datafield tag="700" ind1="1" ind2=" ">
    <subfield code="a">Budde, Monika</subfield>
    <subfield code="b">14</subfield>
  </datafield>
  <datafield tag="700" ind1="1" ind2=" ">
    <subfield code="a">Senner, Fanny</subfield>
    <subfield code="b">15</subfield>
  </datafield>
  <datafield tag="700" ind1="1" ind2=" ">
    <subfield code="a">Kohshour, Mojtaba Oraki</subfield>
    <subfield code="b">16</subfield>
  </datafield>
  <datafield tag="700" ind1="1" ind2=" ">
    <subfield code="a">Schulte, Eva C</subfield>
    <subfield code="b">17</subfield>
  </datafield>
  <datafield tag="700" ind1="1" ind2=" ">
    <subfield code="a">Schmauß, Max</subfield>
    <subfield code="b">18</subfield>
  </datafield>
  <datafield tag="700" ind1="1" ind2=" ">
    <subfield code="a">Reininghaus, Eva Z</subfield>
    <subfield code="b">19</subfield>
  </datafield>
  <datafield tag="700" ind1="1" ind2=" ">
    <subfield code="a">Juckel, Georg</subfield>
    <subfield code="b">20</subfield>
  </datafield>
  <datafield tag="700" ind1="1" ind2=" ">
    <subfield code="a">Kronenberg-Versteeg, Deborah</subfield>
    <subfield code="0">P:(DE-2719)9001451</subfield>
    <subfield code="b">21</subfield>
    <subfield code="u">dzne</subfield>
  </datafield>
  <datafield tag="700" ind1="1" ind2=" ">
    <subfield code="a">Delalle, Ivana</subfield>
    <subfield code="b">22</subfield>
  </datafield>
  <datafield tag="700" ind1="1" ind2=" ">
    <subfield code="a">Odoardi, Francesca</subfield>
    <subfield code="b">23</subfield>
  </datafield>
  <datafield tag="700" ind1="1" ind2=" ">
    <subfield code="a">Flügel, Alexander</subfield>
    <subfield code="b">24</subfield>
  </datafield>
  <datafield tag="700" ind1="1" ind2=" ">
    <subfield code="a">Schulze, Thomas G</subfield>
    <subfield code="0">0000-0001-6624-2975</subfield>
    <subfield code="b">25</subfield>
  </datafield>
  <datafield tag="700" ind1="1" ind2=" ">
    <subfield code="a">Falkai, Peter</subfield>
    <subfield code="0">P:(DE-2719)2811040</subfield>
    <subfield code="b">26</subfield>
  </datafield>
  <datafield tag="700" ind1="1" ind2=" ">
    <subfield code="a">Sananbenesi, Farahnaz</subfield>
    <subfield code="0">P:(DE-2719)2811099</subfield>
    <subfield code="b">27</subfield>
    <subfield code="u">dzne</subfield>
  </datafield>
  <datafield tag="700" ind1="1" ind2=" ">
    <subfield code="a">Fischer, Andre</subfield>
    <subfield code="0">P:(DE-2719)2000047</subfield>
    <subfield code="b">28</subfield>
  </datafield>
  <datafield tag="773" ind1=" " ind2=" ">
    <subfield code="a">10.1038/s44318-024-00067-8</subfield>
    <subfield code="g">Vol. 43, no. 8, p. 1420 - 1444</subfield>
    <subfield code="0">PERI:(DE-600)1467419-1</subfield>
    <subfield code="n">8</subfield>
    <subfield code="p">1420 - 1444</subfield>
    <subfield code="t">The EMBO journal</subfield>
    <subfield code="v">43</subfield>
    <subfield code="y">2024</subfield>
    <subfield code="x">0261-4189</subfield>
  </datafield>
  <datafield tag="856" ind1="4" ind2=" ">
    <subfield code="u">http://pub.dzne.de/record/269188/files/DZNE-2024-00487%20SUP.zip</subfield>
  </datafield>
  <datafield tag="856" ind1="4" ind2=" ">
    <subfield code="y">OpenAccess</subfield>
    <subfield code="u">http://pub.dzne.de/record/269188/files/DZNE-2024-00487.pdf</subfield>
  </datafield>
  <datafield tag="856" ind1="4" ind2=" ">
    <subfield code="y">OpenAccess</subfield>
    <subfield code="x">pdfa</subfield>
    <subfield code="u">http://pub.dzne.de/record/269188/files/DZNE-2024-00487.pdf?subformat=pdfa</subfield>
  </datafield>
  <datafield tag="909" ind1="C" ind2="O">
    <subfield code="o">oai:pub.dzne.de:269188</subfield>
    <subfield code="p">openaire</subfield>
    <subfield code="p">open_access</subfield>
    <subfield code="p">VDB</subfield>
    <subfield code="p">driver</subfield>
    <subfield code="p">dnbdelivery</subfield>
  </datafield>
  <datafield tag="910" ind1="1" ind2=" ">
    <subfield code="a">Deutsches Zentrum für Neurodegenerative Erkrankungen</subfield>
    <subfield code="0">I:(DE-588)1065079516</subfield>
    <subfield code="k">DZNE</subfield>
    <subfield code="b">0</subfield>
    <subfield code="6">P:(DE-2719)2812832</subfield>
  </datafield>
  <datafield tag="910" ind1="1" ind2=" ">
    <subfield code="a">Deutsches Zentrum für Neurodegenerative Erkrankungen</subfield>
    <subfield code="0">I:(DE-588)1065079516</subfield>
    <subfield code="k">DZNE</subfield>
    <subfield code="b">1</subfield>
    <subfield code="6">P:(DE-2719)2811643</subfield>
  </datafield>
  <datafield tag="910" ind1="1" ind2=" ">
    <subfield code="a">Deutsches Zentrum für Neurodegenerative Erkrankungen</subfield>
    <subfield code="0">I:(DE-588)1065079516</subfield>
    <subfield code="k">DZNE</subfield>
    <subfield code="b">3</subfield>
    <subfield code="6">P:(DE-2719)2812548</subfield>
  </datafield>
  <datafield tag="910" ind1="1" ind2=" ">
    <subfield code="a">Deutsches Zentrum für Neurodegenerative Erkrankungen</subfield>
    <subfield code="0">I:(DE-588)1065079516</subfield>
    <subfield code="k">DZNE</subfield>
    <subfield code="b">4</subfield>
    <subfield code="6">P:(DE-2719)9001020</subfield>
  </datafield>
  <datafield tag="910" ind1="1" ind2=" ">
    <subfield code="a">Deutsches Zentrum für Neurodegenerative Erkrankungen</subfield>
    <subfield code="0">I:(DE-588)1065079516</subfield>
    <subfield code="k">DZNE</subfield>
    <subfield code="b">5</subfield>
    <subfield code="6">P:(DE-2719)9001018</subfield>
  </datafield>
  <datafield tag="910" ind1="1" ind2=" ">
    <subfield code="a">Deutsches Zentrum für Neurodegenerative Erkrankungen</subfield>
    <subfield code="0">I:(DE-588)1065079516</subfield>
    <subfield code="k">DZNE</subfield>
    <subfield code="b">7</subfield>
    <subfield code="6">P:(DE-2719)9001438</subfield>
  </datafield>
  <datafield tag="910" ind1="1" ind2=" ">
    <subfield code="a">Deutsches Zentrum für Neurodegenerative Erkrankungen</subfield>
    <subfield code="0">I:(DE-588)1065079516</subfield>
    <subfield code="k">DZNE</subfield>
    <subfield code="b">8</subfield>
    <subfield code="6">P:(DE-2719)9001406</subfield>
  </datafield>
  <datafield tag="910" ind1="1" ind2=" ">
    <subfield code="a">Deutsches Zentrum für Neurodegenerative Erkrankungen</subfield>
    <subfield code="0">I:(DE-588)1065079516</subfield>
    <subfield code="k">DZNE</subfield>
    <subfield code="b">9</subfield>
    <subfield code="6">P:(DE-2719)2810773</subfield>
  </datafield>
  <datafield tag="910" ind1="1" ind2=" ">
    <subfield code="a">Deutsches Zentrum für Neurodegenerative Erkrankungen</subfield>
    <subfield code="0">I:(DE-588)1065079516</subfield>
    <subfield code="k">DZNE</subfield>
    <subfield code="b">10</subfield>
    <subfield code="6">P:(DE-2719)2810585</subfield>
  </datafield>
  <datafield tag="910" ind1="1" ind2=" ">
    <subfield code="a">Deutsches Zentrum für Neurodegenerative Erkrankungen</subfield>
    <subfield code="0">I:(DE-588)1065079516</subfield>
    <subfield code="k">DZNE</subfield>
    <subfield code="b">11</subfield>
    <subfield code="6">P:(DE-2719)2811063</subfield>
  </datafield>
  <datafield tag="910" ind1="1" ind2=" ">
    <subfield code="a">Deutsches Zentrum für Neurodegenerative Erkrankungen</subfield>
    <subfield code="0">I:(DE-588)1065079516</subfield>
    <subfield code="k">DZNE</subfield>
    <subfield code="b">12</subfield>
    <subfield code="6">P:(DE-2719)9000542</subfield>
  </datafield>
  <datafield tag="910" ind1="1" ind2=" ">
    <subfield code="a">Deutsches Zentrum für Neurodegenerative Erkrankungen</subfield>
    <subfield code="0">I:(DE-588)1065079516</subfield>
    <subfield code="k">DZNE</subfield>
    <subfield code="b">13</subfield>
    <subfield code="6">P:(DE-2719)2813030</subfield>
  </datafield>
  <datafield tag="910" ind1="1" ind2=" ">
    <subfield code="a">Deutsches Zentrum für Neurodegenerative Erkrankungen</subfield>
    <subfield code="0">I:(DE-588)1065079516</subfield>
    <subfield code="k">DZNE</subfield>
    <subfield code="b">21</subfield>
    <subfield code="6">P:(DE-2719)9001451</subfield>
  </datafield>
  <datafield tag="910" ind1="1" ind2=" ">
    <subfield code="a">External Institute</subfield>
    <subfield code="0">I:(DE-HGF)0</subfield>
    <subfield code="k">Extern</subfield>
    <subfield code="b">27</subfield>
    <subfield code="6">P:(DE-2719)2811099</subfield>
  </datafield>
  <datafield tag="910" ind1="1" ind2=" ">
    <subfield code="a">Deutsches Zentrum für Neurodegenerative Erkrankungen</subfield>
    <subfield code="0">I:(DE-588)1065079516</subfield>
    <subfield code="k">DZNE</subfield>
    <subfield code="b">28</subfield>
    <subfield code="6">P:(DE-2719)2000047</subfield>
  </datafield>
  <datafield tag="913" ind1="1" ind2=" ">
    <subfield code="a">DE-HGF</subfield>
    <subfield code="b">Gesundheit</subfield>
    <subfield code="l">Neurodegenerative Diseases</subfield>
    <subfield code="1">G:(DE-HGF)POF4-350</subfield>
    <subfield code="0">G:(DE-HGF)POF4-352</subfield>
    <subfield code="3">G:(DE-HGF)POF4</subfield>
    <subfield code="2">G:(DE-HGF)POF4-300</subfield>
    <subfield code="4">G:(DE-HGF)POF</subfield>
    <subfield code="v">Disease Mechanisms</subfield>
    <subfield code="x">0</subfield>
  </datafield>
  <datafield tag="913" ind1="1" ind2=" ">
    <subfield code="a">DE-HGF</subfield>
    <subfield code="b">Gesundheit</subfield>
    <subfield code="l">Neurodegenerative Diseases</subfield>
    <subfield code="1">G:(DE-HGF)POF4-350</subfield>
    <subfield code="0">G:(DE-HGF)POF4-351</subfield>
    <subfield code="3">G:(DE-HGF)POF4</subfield>
    <subfield code="2">G:(DE-HGF)POF4-300</subfield>
    <subfield code="4">G:(DE-HGF)POF</subfield>
    <subfield code="v">Brain Function</subfield>
    <subfield code="x">1</subfield>
  </datafield>
  <datafield tag="914" ind1="1" ind2=" ">
    <subfield code="y">2024</subfield>
  </datafield>
  <datafield tag="915" ind1=" " ind2=" ">
    <subfield code="a">DBCoverage</subfield>
    <subfield code="0">StatID:(DE-HGF)0200</subfield>
    <subfield code="2">StatID</subfield>
    <subfield code="b">SCOPUS</subfield>
    <subfield code="d">2023-08-24</subfield>
  </datafield>
  <datafield tag="915" ind1=" " ind2=" ">
    <subfield code="a">DBCoverage</subfield>
    <subfield code="0">StatID:(DE-HGF)0160</subfield>
    <subfield code="2">StatID</subfield>
    <subfield code="b">Essential Science Indicators</subfield>
    <subfield code="d">2023-08-24</subfield>
  </datafield>
  <datafield tag="915" ind1=" " ind2=" ">
    <subfield code="a">DBCoverage</subfield>
    <subfield code="0">StatID:(DE-HGF)1050</subfield>
    <subfield code="2">StatID</subfield>
    <subfield code="b">BIOSIS Previews</subfield>
    <subfield code="d">2023-08-24</subfield>
  </datafield>
  <datafield tag="915" ind1=" " ind2=" ">
    <subfield code="a">DBCoverage</subfield>
    <subfield code="0">StatID:(DE-HGF)1190</subfield>
    <subfield code="2">StatID</subfield>
    <subfield code="b">Biological Abstracts</subfield>
    <subfield code="d">2023-08-24</subfield>
  </datafield>
  <datafield tag="915" ind1=" " ind2=" ">
    <subfield code="a">DBCoverage</subfield>
    <subfield code="0">StatID:(DE-HGF)0600</subfield>
    <subfield code="2">StatID</subfield>
    <subfield code="b">Ebsco Academic Search</subfield>
    <subfield code="d">2023-08-24</subfield>
  </datafield>
  <datafield tag="915" ind1=" " ind2=" ">
    <subfield code="a">JCR</subfield>
    <subfield code="0">StatID:(DE-HGF)0100</subfield>
    <subfield code="2">StatID</subfield>
    <subfield code="b">EMBO J : 2022</subfield>
    <subfield code="d">2023-08-24</subfield>
  </datafield>
  <datafield tag="915" ind1=" " ind2=" ">
    <subfield code="a">IF >= 10</subfield>
    <subfield code="0">StatID:(DE-HGF)9910</subfield>
    <subfield code="2">StatID</subfield>
    <subfield code="b">EMBO J : 2022</subfield>
    <subfield code="d">2023-08-24</subfield>
  </datafield>
  <datafield tag="915" ind1=" " ind2=" ">
    <subfield code="a">DEAL Wiley</subfield>
    <subfield code="0">StatID:(DE-HGF)3001</subfield>
    <subfield code="2">StatID</subfield>
    <subfield code="d">2023-08-24</subfield>
    <subfield code="w">ger</subfield>
  </datafield>
  <datafield tag="915" ind1=" " ind2=" ">
    <subfield code="a">WoS</subfield>
    <subfield code="0">StatID:(DE-HGF)0113</subfield>
    <subfield code="2">StatID</subfield>
    <subfield code="b">Science Citation Index Expanded</subfield>
    <subfield code="d">2023-08-24</subfield>
  </datafield>
  <datafield tag="915" ind1=" " ind2=" ">
    <subfield code="a">DBCoverage</subfield>
    <subfield code="0">StatID:(DE-HGF)1030</subfield>
    <subfield code="2">StatID</subfield>
    <subfield code="b">Current Contents - Life Sciences</subfield>
    <subfield code="d">2023-08-24</subfield>
  </datafield>
  <datafield tag="915" ind1=" " ind2=" ">
    <subfield code="a">DBCoverage</subfield>
    <subfield code="0">StatID:(DE-HGF)0150</subfield>
    <subfield code="2">StatID</subfield>
    <subfield code="b">Web of Science Core Collection</subfield>
    <subfield code="d">2023-08-24</subfield>
  </datafield>
  <datafield tag="915" ind1=" " ind2=" ">
    <subfield code="a">Creative Commons Attribution CC BY 4.0</subfield>
    <subfield code="0">LIC:(DE-HGF)CCBY4</subfield>
    <subfield code="2">HGFVOC</subfield>
  </datafield>
  <datafield tag="915" ind1=" " ind2=" ">
    <subfield code="a">OpenAccess</subfield>
    <subfield code="0">StatID:(DE-HGF)0510</subfield>
    <subfield code="2">StatID</subfield>
  </datafield>
  <datafield tag="915" ind1=" " ind2=" ">
    <subfield code="a">Peer Review</subfield>
    <subfield code="0">StatID:(DE-HGF)0030</subfield>
    <subfield code="2">StatID</subfield>
    <subfield code="b">ASC</subfield>
    <subfield code="d">2023-08-24</subfield>
  </datafield>
  <datafield tag="915" ind1=" " ind2=" ">
    <subfield code="a">DBCoverage</subfield>
    <subfield code="0">StatID:(DE-HGF)0300</subfield>
    <subfield code="2">StatID</subfield>
    <subfield code="b">Medline</subfield>
    <subfield code="d">2023-08-24</subfield>
  </datafield>
  <datafield tag="915" ind1=" " ind2=" ">
    <subfield code="a">DBCoverage</subfield>
    <subfield code="0">StatID:(DE-HGF)0320</subfield>
    <subfield code="2">StatID</subfield>
    <subfield code="b">PubMed Central</subfield>
    <subfield code="d">2023-08-24</subfield>
  </datafield>
  <datafield tag="915" ind1=" " ind2=" ">
    <subfield code="a">DBCoverage</subfield>
    <subfield code="0">StatID:(DE-HGF)0199</subfield>
    <subfield code="2">StatID</subfield>
    <subfield code="b">Clarivate Analytics Master Journal List</subfield>
    <subfield code="d">2023-08-24</subfield>
  </datafield>
  <datafield tag="920" ind1="1" ind2=" ">
    <subfield code="0">I:(DE-2719)1410002</subfield>
    <subfield code="k">AG Fischer</subfield>
    <subfield code="l">Epigenetics and Systems Medicine in Neurodegenerative Diseases</subfield>
    <subfield code="x">0</subfield>
  </datafield>
  <datafield tag="920" ind1="1" ind2=" ">
    <subfield code="0">I:(DE-2719)1210015</subfield>
    <subfield code="k">AG Kronenberg-Versteeg</subfield>
    <subfield code="l">Glial Cell Biology</subfield>
    <subfield code="x">1</subfield>
  </datafield>
  <datafield tag="920" ind1="1" ind2=" ">
    <subfield code="0">I:(DE-2719)1210001</subfield>
    <subfield code="k">AG Jucker</subfield>
    <subfield code="l">Cell Biology of Neurological Diseases</subfield>
    <subfield code="x">2</subfield>
  </datafield>
  <datafield tag="980" ind1=" " ind2=" ">
    <subfield code="a">journal</subfield>
  </datafield>
  <datafield tag="980" ind1=" " ind2=" ">
    <subfield code="a">VDB</subfield>
  </datafield>
  <datafield tag="980" ind1=" " ind2=" ">
    <subfield code="a">UNRESTRICTED</subfield>
  </datafield>
  <datafield tag="980" ind1=" " ind2=" ">
    <subfield code="a">I:(DE-2719)1410002</subfield>
  </datafield>
  <datafield tag="980" ind1=" " ind2=" ">
    <subfield code="a">I:(DE-2719)1210015</subfield>
  </datafield>
  <datafield tag="980" ind1=" " ind2=" ">
    <subfield code="a">I:(DE-2719)1210001</subfield>
  </datafield>
  <datafield tag="980" ind1="1" ind2=" ">
    <subfield code="a">FullTexts</subfield>
  </datafield>
</record>
</collection>